00171nam a2200061Ia 4500245003100000100003700031008004100068 0aDie reenboog na die storm  a Naidoo, Ansu Centurion, 2010 210818s9999 xx 000 0 und d